[Event "Division Honor Aragonesa Grupo B"]
[Site "Aragon"]
[Date "2017.03.11"]
[Round "7.31"]
[White "Hernando Garcia, Antonio"]
[Black "Echarte Buil, Oscar"]
[Result "1/2-1/2"]
[WhiteElo "2185"]
[BlackElo "2111"]
[PlyCount "128"]
[EventDate "2017.01.28"]
[WhiteTeam "El Olivar"]
[BlackTeam "Palacio de Pioneros"]

1. Nf3 c5 2. c4 Nc6 3. Nc3 Nf6 4. g3 g6 5. Bg2 Bg7 6. O-O O-O 7. a3 d5 8. cxd5
Nxd5 9. Nxd5 Qxd5 10. d3 Qh5 11. Rb1 Bh3 12. b4 Bxg2 13. Kxg2 cxb4 14. axb4 a6
15. Be3 Rfd8 16. Qb3 Nd4 17. Bxd4 Bxd4 18. Nxd4 Rxd4 $11 19. e3 Qd5+ 20. Qxd5
Rxd5 21. d4 Rc8 22. Rfc1 Rxc1 23. Rxc1 Rb5 24. Rc4 f5 25. Kf3 Kf7 26. Ke2 e5
27. dxe5 Rxe5 28. Kd3 Rd5+ 29. Kc3 Rd7 30. h4 Ke6 31. Rc8 Rd1 32. Rb8 Rc1+ 33.
Kd4 Rc7 34. f3 Kd6 35. e4 fxe4 36. fxe4 Re7 37. Rd8+ Kc6 38. Rc8+ Kd7 39. Rf8
Ke6 40. e5 Rd7+ 41. Ke4 Rd1 42. Rf6+ Ke7 43. Rb6 Rd7 44. h5 gxh5 45. Kf5 Ke8
46. e6 Rg7 47. Kf4 Rg4+ 48. Kf3 Rg6 49. Rxb7 Rxe6 50. Rxh7 Rb6 51. Rxh5 Rxb4
52. Rh7 Kf8 53. g4 Rb6 54. Ra7 Kg8 55. Kf4 Rc6 56. Kg5 Rb6 57. Kh5 Rc6 58. g5
Rb6 59. Ra8+ Kg7 60. Ra7+ Kg8 61. g6 Rb1 62. Kh6 Rh1+ 63. Kg5 Rg1+ 64. Kf6 Rf1+
1/2-1/2

[Event "Division Honor Aragonesa Grupo B"]
[Site "Aragon"]
[Date "2017.03.11"]
[Round "7.32"]
[White "Zambrana Petisme, Ramiro"]
[Black "Melendez Fierro, Juan Bautista"]
[Result "1-0"]
[WhiteElo "2042"]
[BlackElo "2134"]
[PlyCount "45"]
[EventDate "2017.01.28"]
[WhiteTeam "Palacio de Pioneros"]
[BlackTeam "El Olivar"]

1. e4 e6 2. d4 d5 3. Nd2 Nf6 4. e5 Nfd7 5. Bd3 c5 6. c3 Nc6 7. Ne2 cxd4 8. cxd4
f6 9. Nf4 Qe7 10. Nf3 fxe5 11. dxe5 Ndxe5 12. Nxe5 Nxe5 13. Qh5+ Nf7 14. O-O g6
15. Bb5+ Bd7 16. Qe2 Bxb5 17. Qxb5+ Qd7 18. Nxe6 Qxb5 19. Nc7+ Kd7 20. Nxb5 Bg7
21. Rd1 a6 22. Nd4 Rhe8 23. Be3 {Tiempo} 1-0

[Event "Preferente Aragonesa Grupo A"]
[Site "?"]
[Date "2017.03.11"]
[Round "7.33"]
[White "Colas Longares, Rafael P"]
[Black "Rodes Apilluelo, Jose Maria"]
[Result "1-0"]
[WhiteElo "2318"]
[BlackElo "2016"]
[PlyCount "55"]
[EventDate "2017.01.28"]
[WhiteTeam "SMA Barbastro"]
[BlackTeam "St. Casablanca C"]

1. e4 c5 2. Nf3 g6 3. d4 cxd4 4. Nxd4 Bg7 5. Nc3 Nc6 6. Nde2 d6 7. g3 e6 8. Bg2
Nge7 9. O-O a6 10. Bf4 Be5 11. Bh6 Ng8 12. Be3 Nge7 13. Qd2 O-O 14. Rad1 Qa5
15. f4 Bxc3 16. Nxc3 Rd8 17. Qf2 Rd7 18. a3 Qc7 19. Bb6 Qb8 20. Rd3 d5 21. Rfd1
d4 22. Na4 Rd6 23. e5 Rd5 24. Bxd5 Nxd5 25. Bxd4 b5 26. Nb6 Nxb6 27. Bxb6 Qb7
28. Qc5 1-0

[Event "Preferente Aragonesa Grupo A"]
[Site "?"]
[Date "2017.03.11"]
[Round "7.34"]
[White "Antonano Fedz-Quincoces, Aveli"]
[Black "Lafarga Santorroman, David"]
[Result "0-1"]
[WhiteElo "1949"]
[BlackElo "2200"]
[PlyCount "72"]
[EventDate "2017.01.28"]
[WhiteTeam "St. Casablanca C"]
[BlackTeam "SMA Barbastro"]

1. e4 e6 2. d4 d5 3. Nd2 c5 4. c3 cxd4 5. cxd4 dxe4 6. Nxe4 Nf6 7. Bd3 Bd7 8.
Nf3 Nxe4 9. Bxe4 Bc6 10. Bxc6+ Nxc6 11. O-O Be7 12. Qb3 Qb6 13. Qxb6 axb6 14.
a3 O-O 15. Be3 Rfd8 16. Rfd1 Bf6 17. Rd2 Rd5 18. Rad1 Rad8 19. Kf1 h6 20. Ke2
g5 21. g4 Kh7 22. h3 Bg7 23. b4 b5 24. Rc1 f5 25. Bxg5 hxg5 26. Nxg5+ Kg6 27.
f4 fxg4 28. hxg4 Nxd4+ 29. Ke3 e5 30. Nh3 Bh6 31. Rf2 Ne6 32. g5 exf4+ 33.
Nxf4+ Nxf4 34. Rxf4 Bxg5 35. Rg1 Rd3+ 36. Ke2 Rd2+ 0-1

[Event "Preferente Aragonesa Grupo A"]
[Site "?"]
[Date "2017.03.11"]
[Round "7.35"]
[White "Garcia Vicente, Nieves"]
[Black "Arjol Lopez, Daniel"]
[Result "1/2-1/2"]
[WhiteElo "2172"]
[BlackElo "1927"]
[PlyCount "83"]
[EventDate "2017.01.28"]
[WhiteTeam "SMA Barbastro"]
[BlackTeam "St. Casablanca C"]

1. d4 d5 2. c4 e6 3. Nc3 c6 4. e3 Nf6 5. Nf3 Bd6 6. Bd3 dxc4 7. Bxc4 b5 8. Be2
O-O 9. a3 Nbd7 10. O-O Bb7 11. Bd2 a6 12. b4 Re8 13. Qc2 a5 14. bxa5 Bc7 15. a4
bxa4 16. Rxa4 Rxa5 17. Rb1 Rxa4 18. Nxa4 Ba8 19. Bb4 Nd5 20. Bc5 h6 21. Bf1 e5
22. dxe5 Nxe5 23. Nxe5 Bxe5 24. g3 Qc7 25. Bg2 Rb8 26. e4 Rxb1+ 27. Qxb1 Nc3
28. Nxc3 Bxc3 29. Qa2 Qa5 30. Qxa5 Bxa5 31. f4 f6 32. Kf2 Kf7 33. Ke3 Bb7 34.
e5 Bc3 35. Kd3 Bb2 36. Kc2 Ba1 37. Bd6 Bc8 38. Bxc6 fxe5 39. fxe5 Ke6 40. Kd3
Bxe5 41. Bxe5 Kxe5 42. Ke3 1/2-1/2

[Event "Preferente Aragonesa Grupo A"]
[Site "?"]
[Date "2017.03.11"]
[Round "7.36"]
[White "Alvarez Gonzalo, Miguel Angel"]
[Black "Campo Pelegrin, Ramon"]
[Result "1-0"]
[WhiteElo "1860"]
[BlackElo "1771"]
[PlyCount "71"]
[EventDate "2017.01.28"]
[WhiteTeam "St. Casablanca C"]
[BlackTeam "SMA Barbastro"]

1. c4 e5 2. Nc3 Nc6 3. g3 Bc5 4. a3 a5 5. e3 Nf6 6. Bg2 d6 7. Nge2 O-O 8. O-O
Re8 9. d4 Bb6 10. h3 Ne7 11. dxe5 dxe5 12. Na4 Qxd1 13. Rxd1 Ba7 14. b4 Bd7 15.
Nb2 Bc6 16. Nc3 Bxg2 17. Kxg2 c6 18. Nba4 axb4 19. axb4 Bb8 20. Bb2 Bc7 21. Nc5
b6 22. Na6 Bd8 23. b5 c5 24. Rd2 Kf8 25. Rad1 Rc8 26. g4 h6 27. Rd6 Ng6 28. Kg3
h5 29. f3 hxg4 30. hxg4 Ne7 31. Na4 Ng6 32. Nxb6 Bxb6 33. Rxb6 Re7 34. Rc6 Rxc6
35. bxc6 Ne8 36. Rd8 1-0

[Event "Preferente Aragonesa Grupo A"]
[Site "?"]
[Date "2017.03.11"]
[Round "7.38"]
[White "Soriano Gracia, Manuel"]
[Black "Citoler Serrat, Adriano"]
[Result "1/2-1/2"]
[WhiteElo "1984"]
[BlackElo "1901"]
[PlyCount "50"]
[EventDate "2017.01.28"]
[WhiteTeam "Monsalud"]
[BlackTeam "Monzon"]

1. e4 c5 2. Nf3 g6 3. d4 cxd4 4. Qxd4 Nf6 5. Bg5 Nc6 6. Qe3 Bg7 7. c3 O-O 8. h3
d5 9. Nbd2 dxe4 10. Nxe4 Nxe4 11. Qxe4 Bf5 12. Qe3 Qa5 13. Be2 Rac8 14. Bh6
Rfd8 15. Bxg7 Kxg7 16. O-O Rd6 17. Bc4 Be6 18. Bd3 Rcd8 19. Bc2 h6 20. Rfe1 Qb5
21. b3 Bf5 22. a4 Qd5 23. Rad1 Qe6 24. Rxd6 Rxd6 25. Qf4 Qf6 1/2-1/2

[Event "Preferente Aragonesa Grupo A"]
[Site "?"]
[Date "2017.03.11"]
[Round "7.39"]
[White "Hidalgo Gracia, Andres"]
[Black "Miranda Garcia, Eduardo"]
[Result "1/2-1/2"]
[WhiteElo "1797"]
[BlackElo "1844"]
[PlyCount "76"]
[EventDate "2017.01.28"]
[WhiteTeam "Monzon"]
[BlackTeam "Monsalud"]

1. c4 d6 2. Nf3 Nf6 3. Nc3 g6 4. g3 Bg7 5. Bg2 O-O 6. d4 c6 7. O-O Nbd7 8. b3
Qc7 9. Bb2 e5 10. e3 a6 11. Rc1 Re8 12. Re1 Nf8 13. d5 c5 14. h3 h6 15. e4 N6h7
16. Nd2 g5 17. g4 Ng6 18. Nf1 Nf4 19. Ng3 Nf8 20. a3 N8g6 21. Nce2 Bd7 22. Nf5
b5 23. Nxf4 Nxf4 24. b4 bxc4 25. Rxc4 Bb5 26. Rc1 Nd3 27. Rc2 Nxe1 28. Qxe1 c4
29. Bc3 Bf8 30. Bf1 Rec8 31. Qa1 Qd7 32. Kg2 Rc7 33. Qe1 Rac8 34. Rc1 Kh7 35.
Qe3 f6 36. Qf3 Be7 37. Nxe7 Qxe7 38. Qf5+ Kg7 1/2-1/2

[Event "Preferente Aragonesa Grupo A"]
[Site "?"]
[Date "2017.03.11"]
[Round "7.40"]
[White "Miranda Herrera, Jorge Manuel"]
[Black "Barranco Mananet, Fernando"]
[Result "1-0"]
[WhiteElo "1780"]
[BlackElo "1787"]
[PlyCount "67"]
[EventDate "2017.01.28"]
[WhiteTeam "Monsalud"]
[BlackTeam "Monzon"]

1. e4 c5 2. d3 e6 3. g3 Nc6 4. Bg2 g6 5. Be3 d6 6. Qd2 Bg7 7. c3 Nge7 8. Bh6
O-O 9. h4 Bxh6 10. Qxh6 Qe8 11. Nf3 f6 12. Nbd2 Qf7 13. Qe3 b5 14. O-O Bb7 15.
Nh2 f5 16. f4 e5 17. Nhf3 fxe4 18. Ng5 Nf5 19. Qe1 Qe7 20. Bxe4 h6 21. g4 Ng7
22. Nh3 Qd7 23. Qg3 Qe6 24. fxe5 dxe5 25. Nb3 Qd6 26. Qe3 c4 27. dxc4 bxc4 28.
Nc5 Rxf1+ 29. Rxf1 Rb8 30. Nxb7 Rxb7 31. Qxh6 Rxb2 32. Ng5 Nf5 33. Qh7+ Kf8 34.
Qf7# 1-0

[Event "Preferente Aragonesa Grupo A"]
[Site "?"]
[Date "2017.03.11"]
[Round "7.41"]
[White "Fontana Sotomayor, Luis Javier"]
[Black "Fuentes Espuna, Juan Antonio"]
[Result "0-1"]
[WhiteElo "2251"]
[BlackElo "1962"]
[PlyCount "112"]
[EventDate "2017.01.28"]
[WhiteTeam "Jaime Casas B"]
[BlackTeam "L'Aurora Estadilla B"]

1. d4 c5 2. e3 Nf6 3. Nf3 d5 4. b3 Bg4 5. Bb2 Nc6 6. Nbd2 cxd4 7. exd4 e6 8.
Be2 Bd6 9. O-O O-O 10. Ne5 Bf5 11. Nxc6 bxc6 12. Nf3 Qc7 13. c4 Be4 14. g3 Rac8
15. Rc1 Qb7 16. Nd2 Bf5 17. Bf3 Qa6 18. a3 Rfe8 19. Re1 Nd7 20. Nf1 Be7 21. h4
h6 22. Ne3 Bh7 23. Qd2 Nf6 24. Ng4 Nxg4 25. Bxg4 Qb7 26. b4 Rb8 27. cxd5 cxd5
28. Be2 Qd7 29. b5 Be4 30. Kh2 Bd6 31. Rc6 Qe7 32. Kg1 Bxa3 33. Bxa3 Qxa3 34.
Ra6 Qe7 35. Rea1 Rb7 36. Qa5 Qf6 37. Rxa7 Rxa7 38. Qxa7 Qf5 39. f3 Bd3 40. Ra2
Bxe2 41. Rxe2 Qxf3 42. Rg2 Rc8 43. Kh2 Rc1 44. Qa2 Qf1 45. Kh3 Qxb5 46. Rf2 Qb1
47. Qe2 Rh1+ 48. Kg2 Qg1+ 49. Kf3 Qd1 50. Qxd1 Rxd1 51. Ke3 f6 52. Ra2 h5 53.
Ra7 Re1+ 54. Kd3 Rg1 55. Re7 Rxg3+ 56. Kd2 Rg4 0-1

[Event "Preferente Aragonesa Grupo A"]
[Site "?"]
[Date "2017.03.11"]
[Round "7.42"]
[White "Puertolas Serena, Arturo"]
[Black "Inglan Bielsa, Fernando"]
[Result "0-1"]
[WhiteElo "1832"]
[BlackElo "2081"]
[PlyCount "80"]
[EventDate "2017.01.28"]
[WhiteTeam "L'Aurora Estadilla B"]
[BlackTeam "Jaime Casas B"]

1. d4 Nf6 2. c4 g6 3. Nc3 d5 4. e3 Bg7 5. Nf3 O-O 6. cxd5 Nxd5 7. Qb3 Nb6 8. g3
Nc6 9. Bg2 Be6 10. Qd1 Bc4 11. Nd2 Ba6 12. Na4 e5 13. Nc5 Nd5 14. Nxa6 exd4 15.
e4 Qe7 16. O-O Nb6 17. Qc2 d3 18. Qxd3 bxa6 19. Nb3 a5 20. Be3 Rad8 21. Qe2 a4
22. Nc5 a3 23. Rab1 Nd4 24. Bxd4 Bxd4 25. Nd3 Na4 26. Qc2 Nxb2 27. Nxb2 axb2
28. Rxb2 Bxb2 29. Qxb2 Rb8 30. Qc2 c5 31. Rc1 Rfc8 32. h4 Qe5 33. Qa4 Qb2 34.
Rf1 c4 35. Bh3 Rc7 36. Rd1 Qf6 37. f4 Rd8 38. e5 Rxd1+ 39. Qxd1 Qb6+ 40. Kg2 c3
0-1

[Event "Preferente Aragonesa Grupo A"]
[Site "?"]
[Date "2017.03.11"]
[Round "7.43"]
[White "Maza Broto, Pablo"]
[Black "Landa Galindo, Victor"]
[Result "1-0"]
[WhiteElo "2022"]
[BlackElo "1811"]
[PlyCount "103"]
[EventDate "2017.01.28"]
[WhiteTeam "Jaime Casas B"]
[BlackTeam "L'Aurora Estadilla B"]

1. d4 Nf6 2. Nf3 c5 3. e3 g6 4. Be2 Bg7 5. O-O b6 6. c4 O-O 7. Nc3 d6 8. Qc2
Nbd7 9. Rd1 Bb7 10. d5 Qc7 11. e4 Rad8 12. h3 Ne8 13. Bf4 Ne5 14. Rab1 h6 15.
Nxe5 dxe5 16. Be3 Nd6 17. f4 Kh7 18. Qd2 f6 19. Rf1 Ba6 20. b3 Bc8 21. fxe5
fxe5 22. Rxf8 Rxf8 23. Rf1 Qd8 24. Bf3 Bd7 25. Qf2 Rf7 26. Qh4 Qf8 27. Be2
Rxf1+ 28. Bxf1 Qf6 29. Qg3 h5 30. Bg5 Qf7 31. Be2 Bf6 32. Bd2 Bg7 33. Qe3 Qf8
34. Qg3 Qf7 35. Bd3 Qf6 36. Bg5 Qf7 37. Nb1 e6 38. Nd2 exd5 39. cxd5 b5 40. Nf3
c4 41. Bc2 cxb3 42. axb3 a5 43. Bd2 Bf6 44. Bxa5 Qe7 45. Bb4 h4 46. Qf2 Kg7 47.
Qc5 Nc8 48. Qxe7+ Nxe7 49. Bxe7 Bxe7 50. Nxe5 Be8 51. Kf2 Bd6 52. Nf3 1-0

[Event "Preferente Aragonesa Grupo A"]
[Site "?"]
[Date "2017.03.11"]
[Round "7.44"]
[White "Rodriguez Avellanas, Jose Manu"]
[Black "Rodriguez Leiva, Manuel"]
[Result "1/2-1/2"]
[WhiteElo "1730"]
[BlackElo "1974"]
[PlyCount "120"]
[EventDate "2017.01.28"]
[WhiteTeam "L'Aurora Estadilla B"]
[BlackTeam "Jaime Casas B"]

1. c4 c5 2. Nc3 Nc6 3. g3 g6 4. Bg2 Bg7 5. d3 Nf6 6. e3 O-O 7. Nge2 d6 8. O-O
Bd7 9. a3 Rb8 10. Rb1 a6 11. b3 b5 12. Nd5 bxc4 13. dxc4 Nxd5 14. cxd5 Na7 15.
Bb2 Qb6 16. Bxg7 Kxg7 17. b4 cxb4 18. Rxb4 Qc5 19. Qd4+ Qxd4 20. Nxd4 Rxb4 21.
axb4 Rb8 22. Rb1 Nb5 23. Nc6 Re8 24. Ra1 Nc7 25. Nd4 Rb8 26. Rc1 Rxb4 27. Nc6
Rb2 28. h4 Bxc6 29. dxc6 a5 30. Be4 a4 31. Ra1 d5 32. Bd3 Rd2 33. Ra3 e5 34.
Kg2 e4 35. Bb1 Rb2 36. Ba2 Kf6 37. g4 Ke5 38. Rxa4 Kd6 39. Ra3 Kxc6 40. Rc3+
Kd6 41. Ra3 Nb5 42. Rb3 Rxb3 43. Bxb3 f5 44. gxf5 gxf5 45. Kg3 Ke5 46. Ba4 Nd6
47. Bd7 d4 48. exd4+ Kxd4 49. Kf4 Kd3 50. Bxf5 Nxf5 51. Kxf5 e3 52. fxe3 Kxe3
53. h5 Kd4 54. Kf6 Kd5 55. Kf7 Kd6 56. h6 Kd7 57. Kf8 Ke6 58. Kg7 Ke7 59. Kxh7
Kf7 60. Kh8 Kf8 1/2-1/2

[Event "Preferente Aragonesa Grupo A"]
[Site "?"]
[Date "2017.03.11"]
[Round "7.45"]
[White "Vallverdu Miret, Oscar"]
[Black "Malo Guillen, Jose Luis"]
[Result "1/2-1/2"]
[WhiteElo "2071"]
[BlackElo "2118"]
[PlyCount "29"]
[EventDate "2017.01.28"]
[WhiteTeam "Fraga"]
[BlackTeam "Las Fuentes"]

1. d4 d5 2. c4 e6 3. Nf3 c5 4. e3 Nf6 5. Nc3 a6 6. dxc5 Bxc5 7. a3 O-O 8. b4
Ba7 9. Bb2 dxc4 10. Qxd8 Rxd8 11. Bxc4 b5 12. Bb3 Bb7 13. Ke2 Nbd7 14. Rhd1 Nb6
15. Rxd8+ 1/2-1/2

[Event "Preferente Aragonesa Grupo A"]
[Site "?"]
[Date "2017.03.11"]
[Round "7.46"]
[White "Alonso Blasco, Jose Miguel"]
[Black "Aribau Rivas, Miguel Angel"]
[Result "1/2-1/2"]
[WhiteElo "1952"]
[BlackElo "2030"]
[PlyCount "78"]
[EventDate "2017.01.28"]
[WhiteTeam "Las Fuentes"]
[BlackTeam "Fraga"]

1. e4 c5 2. Nf3 e6 3. c3 d5 4. exd5 Qxd5 5. d4 Nc6 6. Na3 a6 7. Nc4 Qd8 8. Be3
cxd4 9. Nxd4 Bd7 10. Be2 Nf6 11. Bf3 Qc7 12. Nxc6 Bxc6 13. Bb6 Qd7 14. Bd4 Bxf3
15. Qxf3 Qd5 16. Qxd5 Nxd5 17. O-O-O Rc8 18. Nb6 Nxb6 19. Bxb6 Bc5 20. Bxc5
Rxc5 21. Rd6 Ke7 22. Rhd1 Rc7 23. R1d3 h5 24. Kd2 Rh6 25. Rb6 Rf6 26. Ke2 Rf5
27. g3 g6 28. f4 h4 29. Kf3 g5 30. Kg4 hxg3 31. hxg3 gxf4 32. gxf4 Rf6 33. Rd4
Rg6+ 34. Kf3 Rg1 35. Rdb4 Kf6 36. Kf2 Rg4 37. Kf3 Rg1 38. Rxb7 Rc5 39. Re4 Rf5
1/2-1/2

[Event "Preferente Aragonesa Grupo A"]
[Site "?"]
[Date "2017.03.11"]
[Round "7.47"]
[White "Casas Chine, German"]
[Black "Mombiela De Sus, Jose Luis"]
[Result "0-1"]
[WhiteElo "1807"]
[BlackElo "1911"]
[PlyCount "76"]
[EventDate "2017.01.28"]
[WhiteTeam "Fraga"]
[BlackTeam "Las Fuentes"]

1. e4 d5 2. exd5 Nf6 3. d4 Bg4 4. Bb5+ Nbd7 5. Be2 Bxe2 6. Qxe2 Nxd5 7. c4 N5f6
8. Nf3 e6 9. O-O Be7 10. Nc3 O-O 11. Bg5 c6 12. c5 Nh5 13. Be3 Qc7 14. g3 Rfe8
15. b4 b6 16. Rad1 Bf8 17. Ne5 Nxe5 18. Qxh5 Ng6 19. Ne4 Rad8 20. Nc3 Rd7 21.
a3 Qd8 22. Rfe1 Qa8 23. Rd2 Ne7 24. Red1 Nd5 25. Ne4 h6 26. g4 a5 27. g5 g6 28.
Qh3 h5 29. Ng3 axb4 30. axb4 Qa3 31. Rd3 Qxb4 32. Nxh5 gxh5 33. Bd2 Qa4 34.
Qxh5 Ne7 35. Rh3 Bg7 36. g6 Nxg6 37. cxb6 Rxd4 38. b7 Rg4+ 0-1

[Event "Preferente Aragonesa Grupo A"]
[Site "?"]
[Date "2017.03.11"]
[Round "7.48"]
[White "Javierre Conesa, Alfonso"]
[Black "Agustin De Dios, Adrian"]
[Result "1-0"]
[WhiteElo "1906"]
[BlackElo "1707"]
[PlyCount "89"]
[EventDate "2017.01.28"]
[WhiteTeam "Las Fuentes"]
[BlackTeam "Fraga"]

1. d4 Nf6 2. Nf3 g6 3. g3 Bg7 4. Bg2 O-O 5. O-O d5 6. Nbd2 Nc6 7. b3 e6 8. Bb2
Re8 9. c4 Ne7 10. e3 Nf5 11. c5 c6 12. Ne5 Nd7 13. Ndf3 f6 14. Nxd7 Bxd7 15. b4
b6 16. Qc2 Qc7 17. Bc3 b5 18. a4 a6 19. Ra3 Rab8 20. axb5 axb5 21. Rfa1 Rb7 22.
Qa2 Reb8 23. Qb2 Kf7 24. Ra6 Ne7 25. Nd2 Nc8 26. Qa2 h6 27. Bf1 Ne7 28. Bd3 f5
29. Kg2 g5 30. Nb3 Nc8 31. f3 e5 32. dxe5 Bxe5 33. Qb2 Bxc3 34. Qxc3 Ne7 35.
Na5 d4 36. Qxd4 Nd5 37. Nxb7 Qxb7 38. Ra7 Qc8 39. Bxf5 Rb7 40. Rxb7 Qxb7 41.
Bxd7 Qxd7 42. Ra8 Qe6 43. Ra7+ Ne7 44. e4 Kg6 45. Qd6 1-0

[Event "Preferente Aragonesa Grupo A"]
[Site "?"]
[Date "2017.03.11"]
[Round "7.49"]
[White "Gracia Campo, Carlos Alberto"]
[Black "Manguez Tomas, Andres"]
[Result "1/2-1/2"]
[WhiteElo "2082"]
[BlackElo "2007"]
[PlyCount "51"]
[EventDate "2017.01.28"]
[WhiteTeam "El Olivar B"]
[BlackTeam "Agrupacion C"]

1. e4 d5 2. exd5 Qxd5 3. Nc3 Qa5 4. d4 Nf6 5. Bc4 Nc6 6. Nge2 Bf5 7. O-O O-O-O
8. Bxf7 Nb4 9. Bb3 e5 10. Ng3 exd4 11. Nxf5 Qxf5 12. Qe2 Kb8 13. Qb5 Qg6 14.
Ne2 Bd6 15. Nf4 Qh6 16. g3 g5 17. Ne6 Qh3 18. Nxg5 Qh5 19. Bf7 Qg4 20. h3 Qd7
21. Qxd7 Rxd7 22. Bb3 Bc5 23. a3 Nbd5 24. Bd2 h6 25. Ne6 Bb6 26. Rae1 1/2-1/2

[Event "Preferente Aragonesa Grupo A"]
[Site "?"]
[Date "2017.03.11"]
[Round "7.50"]
[White "Larrosa Poves, Jose Manuel"]
[Black "Veras Sanz, Marino"]
[Result "0-1"]
[WhiteElo "1978"]
[BlackElo "2044"]
[PlyCount "64"]
[EventDate "2017.01.28"]
[WhiteTeam "Agrupacion C"]
[BlackTeam "El Olivar B"]

1. d4 d6 2. Nf3 g6 3. g3 Bg7 4. Bg2 Nf6 5. O-O O-O 6. c4 Nbd7 7. Nc3 c6 8. e4
e5 9. d5 Nc5 10. Qc2 a5 11. Be3 Na6 12. a3 Ng4 13. Bg5 f6 14. Bd2 f5 15. Rab1
Nc5 16. b4 Nxe4 17. Nxe4 fxe4 18. Bg5 exf3 19. Bxd8 fxg2 20. Kxg2 Bf5 21. Qd1
Be4+ 22. Kg1 Bf3 23. Qd2 Raxd8 24. bxa5 Rd7 25. Rb3 Bh6 26. Qb2 cxd5 27. h3
dxc4 28. Rxf3 Rxf3 29. hxg4 Rdf7 30. Kg2 Be3 31. Qe2 Rxf2+ 32. Rxf2 Rxf2+ 0-1

[Event "Preferente Aragonesa Grupo A"]
[Site "?"]
[Date "2017.03.11"]
[Round "7.51"]
[White "Galve Guinea, Alejandro"]
[Black "Lopez Guaita, Fernando"]
[Result "1/2-1/2"]
[WhiteElo "2029"]
[BlackElo "1925"]
[PlyCount "48"]
[EventDate "2017.01.28"]
[WhiteTeam "El Olivar B"]
[BlackTeam "Agrupacion C"]

1. Nf3 Nf6 2. c4 g6 3. Nc3 Bg7 4. e4 d6 5. d4 O-O 6. Be2 c6 7. O-O Qc7 8. Qc2
Nbd7 9. h3 e5 10. dxe5 dxe5 11. Be3 Nh5 12. Rfd1 Nf4 13. Bf1 f5 14. exf5 Rxf5
15. Ne4 Nf6 16. Nxf6+ Rxf6 17. Ng5 Bf5 18. Ne4 Rf7 19. c5 Kh8 20. Qc4 Be6 21.
Qa4 Nd5 22. Ng5 Rf6 23. Nxe6 Rxe6 24. Qe4 Nxe3 1/2-1/2

[Event "Preferente Aragonesa Grupo A"]
[Site "?"]
[Date "2017.03.11"]
[Round "7.52"]
[White "Moreno Martin-Viveros, Alvaro"]
[Black "Arinez Bruna, Octavio"]
[Result "1/2-1/2"]
[WhiteElo "1881"]
[BlackElo "1890"]
[PlyCount "75"]
[EventDate "2017.01.28"]
[WhiteTeam "Agrupacion C"]
[BlackTeam "El Olivar B"]

1. e4 c5 2. Nf3 d6 3. b3 Nc6 4. Bb2 Nf6 5. Nc3 g6 6. Nd5 Bg7 7. Nxf6+ exf6 8.
Bc4 O-O 9. O-O Rb8 10. a4 f5 11. Bxg7 Kxg7 12. d3 Qf6 13. Qd2 Be6 14. Rae1 a6
15. Ng5 Bxc4 16. dxc4 f4 17. Nh3 f3 18. c3 Ne5 19. Qg5 Qxg5 20. Nxg5 fxg2 21.
Kxg2 h6 22. Nh3 b5 23. cxb5 axb5 24. a5 Nc6 25. Ra1 b4 26. Rfc1 bxc3 27. Rxc3
Rb5 28. a6 Ra8 29. Nf4 Ra5 30. Rxa5 Nxa5 31. e5 Rxa6 32. exd6 Rxd6 33. Rxc5
Nxb3 34. Rc3 Nd4 35. Rd3 Nf5 36. Ra3 g5 37. Nd3 h5 38. Ne5 1/2-1/2

[Event "Preferente Aragonesa Grupo B"]
[Site "Aragon"]
[Date "2017.03.11"]
[Round "7.53"]
[White "Fabre Perez, Jose Maria"]
[Black "Neila Castillo, Miguel Angel"]
[Result "0-1"]
[WhiteElo "1978"]
[BlackElo "2115"]
[PlyCount "58"]
[EventDate "2017.01.28"]
[WhiteTeam "Marcos Frechin B"]
[BlackTeam "Delicias B"]

1. e4 c5 2. Nf3 Nc6 3. d4 cxd4 4. Nxd4 Nf6 5. Nc3 d6 6. Bg5 Qa5 7. Bb5 Bd7 8.
Nb3 Qc7 9. Bxf6 gxf6 10. Nd5 Qd8 11. Qd2 a6 12. Be2 f5 13. Qg5 h6 14. Qh4 Bg7
15. O-O-O fxe4 16. Qxe4 O-O 17. g4 f5 18. gxf5 Bxf5 19. Qg2 Kh8 20. Rhg1 Rg8
21. Qf3 e6 22. Nf4 Nb4 23. Nd3 Nd5 24. Ne1 Bxb2+ 25. Kxb2 Qf6+ 26. Nd4 Rxg1 27.
c3 Rc8 28. Nxf5 Rxc3 29. Ne3 Rb3+ 0-1

[Event "Preferente Aragonesa Grupo B"]
[Site "Aragon"]
[Date "2017.03.11"]
[Round "7.54"]
[White "Pes Mateo, Angel"]
[Black "Ruiperez Gumiel, Ramon"]
[Result "1-0"]
[WhiteElo "1955"]
[BlackElo "1870"]
[PlyCount "93"]
[EventDate "2017.01.28"]
[WhiteTeam "Delicias B"]
[BlackTeam "Marcos Frechin B"]

1. d4 g6 2. Nf3 Bg7 3. c3 f6 4. e4 Nh6 5. Bc4 e6 6. O-O Nf7 7. Re1 O-O 8. h3 d5
9. Bb3 c6 10. Nbd2 Na6 11. c4 Nc7 12. Qc2 f5 13. exd5 exd5 14. cxd5 Nxd5 15.
Nc4 Nd6 16. Bg5 Bf6 17. Bh6 Bg7 18. Bxg7 Kxg7 19. Nxd6 Qxd6 20. Re5 Bd7 21.
Rae1 Rae8 22. Bxd5 cxd5 23. Qb3 Qc6 24. Qa3 a6 25. Re7+ Kh6 26. Qe3+ f4 27. Qe5
Rxe7 28. Qg5+ Kg7 29. Rxe7+ Kg8 30. Qh6 Rf7 31. Rxf7 Qc1+ 32. Kh2 Kxf7 33.
Qxh7+ Ke8 34. Qxg6+ Kd8 35. Qb6+ Kc8 36. Qc5+ Qxc5 37. dxc5 a5 38. Nd4 Kc7 39.
g4 b6 40. cxb6+ Kxb6 41. Kg2 Kc5 42. Ne2 Kc4 43. Nxf4 d4 44. Kf3 Bc6+ 45. Ke2
Be4 46. b3+ Kc5 47. a3 1-0

[Event "Preferente Aragonesa Grupo B"]
[Site "Aragon"]
[Date "2017.03.11"]
[Round "7.55"]
[White "Santos Morales, Julio Cesar"]
[Black "Sanchez Perez, Jose Felix"]
[Result "1-0"]
[WhiteElo "1855"]
[BlackElo "1554"]
[PlyCount "101"]
[EventDate "2017.01.28"]
[WhiteTeam "Marcos Frechin B"]
[BlackTeam "Delicias B"]

1. d4 d5 2. c4 e6 3. Nc3 g6 4. e4 dxe4 5. Nxe4 Nd7 6. Nf3 Bg7 7. Bd3 Ne7 8. Bd2
Nc6 9. Bc3 O-O 10. O-O e5 11. dxe5 Ndxe5 12. Nxe5 Nxe5 13. Be2 Be6 14. Qc2 Bf5
15. f4 Bxe4 16. Qxe4 Nc6 17. Rad1 Qe8 18. Qxe8 Rfxe8 19. Bxg7 Kxg7 20. Bf3 Na5
21. b3 Re7 22. Rd2 Rb8 23. Rfd1 b6 24. Rd7 Kf6 25. g4 Rbe8 26. Kf2 c5 27. R1d6+
Kg7 28. Rd2 Kf8 29. h4 Rxd7 30. Rxd7 Re7 31. Rxe7 Kxe7 32. g5 f6 33. Ke3 f5 34.
Kd3 Kd6 35. Bd5 Nc6 36. Bg8 Ke7 37. Bxh7 Kf7 38. h5 Ne7 39. Bxg6+ Nxg6 40.
hxg6+ Kxg6 41. Ke3 Kh5 42. Kf3 Kg6 43. Kg3 Kh7 44. a3 Kg7 45. Kf3 Kf7 46. Ke3
Ke6 47. Kd3 Kd6 48. Kc3 Ke6 49. b4 Ke7 50. bxc5 bxc5 51. Kb3 1-0

[Event "Preferente Aragonesa Grupo B"]
[Site "Aragon"]
[Date "2017.03.11"]
[Round "7.56"]
[White "Sanchez Perez, Carlos"]
[Black "Obon Zuniga, Francisco"]
[Result "0-1"]
[WhiteElo "1552"]
[BlackElo "1782"]
[PlyCount "100"]
[EventDate "2017.01.28"]
[WhiteTeam "Delicias B"]
[BlackTeam "Marcos Frechin B"]

1. e4 c6 2. Nc3 d5 3. d4 dxe4 4. Nxe4 Nd7 5. c3 Ngf6 6. Nxf6+ Nxf6 7. Nf3 Bg4
8. h3 Bh5 9. Be2 e6 10. Bf4 Be7 11. Ne5 Bxe2 12. Qxe2 O-O 13. O-O Nd7 14. Nf3
Re8 15. Rad1 Qa5 16. b4 Qf5 17. Qe3 Nf6 18. Qe5 Qc2 19. Rc1 Qxa2 20. Qe1 Qd5
21. Ne5 Qe4 22. Qd2 Rad8 23. Rfe1 Qd5 24. f3 Nh5 25. Be3 Bh4 26. Bf2 Bxf2+ 27.
Kxf2 f6 28. Nd3 Qd6 29. f4 e5 30. Qe2 e4 31. Qxh5 g6 32. Qc5 Qc7 33. Qc4+ Kg7
34. Nc5 Qxf4+ 35. Kg1 Rd5 36. Qe2 b6 37. Nb3 Rg5 38. Rf1 Qg3 39. Kh1 a5 40. Nd2
f5 41. bxa5 bxa5 42. Nc4 f4 43. Rf2 f3 44. Rxf3 exf3 45. Qxf3 Re1+ 46. Rxe1
Qxe1+ 47. Kh2 Rf5 48. Qxc6 Rf1 49. Qc7+ Kh6 50. g4 Qf2# 0-1